The Construction Act 1996. (Record no. 100141)

MARC details
000 -LEADER
fixed length control field 00434cam a2200157 4500
008 - FIXED-LENGTH DATA ELEMENTS--GENERAL INFORMATION
fixed length control field 000000n2001 000 0 eng u
020 ## - INTERNATIONAL STANDARD BOOK NUMBER
International Standard Book Number 1902375408
035 ## - SYSTEM CONTROL NUMBER
System control number (Sirsi) u103524
100 ## - MAIN ENTRY--PERSONAL NAME
Personal name Wood, Martin
245 #4 - TITLE STATEMENT
Title The Construction Act 1996.
250 ## - EDITION STATEMENT
Edition statement 2nd ed.
260 ## - PUBLICATION, DISTRIBUTION, ETC.
Place of publication, distribution, etc. Witney
Name of publisher, distributor, etc. Chandos Publishing
Date of publication, distribution, etc. 2001
350 ## - PRICE (NR) (BK AM CF MU VM SE) [OBSOLETE]
Price 59.95
520 ## - SUMMARY, ETC.
Summary, etc. Due to be published October 2001. TITLE ABANDONED FEBRUARY 2002
942 ## - ADDED ENTRY ELEMENTS (KOHA)
Suppress in OPAC 0

No items available.